Central Library OPAC University of Rajshahi

The teaching of values and ethics in social work education / (Record no. 5824)

MARC details
000 -LEADER
fixed length control field 00936nam a2200253I 4500
001 - CONTROL NUMBER
control field 5824
003 - CONTROL NUMBER IDENTIFIER
rucl marc code BD-RjUL
005 - DATE AND TIME OF LATEST TRANSACTION
control field 20211208234133.0
008 - FIXED-LENGTH DATA ELEMENTS--GENERAL INFORMATION
fixed length control field 140107r19621959n eng u
035 ## - SYSTEM CONTROL NUMBER
System control number (BD-RjUL)5863
040 ## - CATALOGING SOURCE
Transcribing agency WSU
Modifying agency m.c.
-- BOS
Original cataloging agency BD-RjUL
Language of cataloging eng
041 ## - LANGUAGE CODE
Language code of text/sound track or separate title eng
082 04 - DEWEY DECIMAL CLASSIFICATION NUMBER
Edition number 16
Classification number 361.07
Author mark and year PUT 1962
090 ## - LOCALLY ASSIGNED LC-TYPE CALL NUMBER (OCLC); LOCAL CALL NUMBER (OCLC)
Classification number (OCLC) (R) ; Classification number, CALL (RLIN) (NR) HV11
Local cutter number (OCLC) ; Book number/undivided call number, CALL (RLIN) .F591 v. 13
100 1# - MAIN ENTRY--PERSONAL NAME
Personal name Pumphrey, Muriel Warren.
9 (RLIN) 18300
245 14 - TITLE STATEMENT
Title The teaching of values and ethics in social work education /
Statement of responsibility, etc. Muriel w. Pumphrey.
260 ## - PUBLICATION, DISTRIBUTION, ETC. (IMPRINT)
Name of publisher, distributor, etc. Council on Social Work Education,
Date of publication, distribution, etc. 1959 [printing 1966].
Place of publication, distribution, etc. New york.
300 ## - PHYSICAL DESCRIPTION
Pagination V. ;
Size 24 cm.
490 1# - SERIES STATEMENT
Series statement Council on Social Work Education. A project report of the curriculum study,
Volume/sequential designation v. 13.
504 ## - BIBLIOGRAPHY, ETC. NOTE
Bibliography, etc Bibliography: p. [147]-164.
505 ## - FORMATTED CONTENTS NOTE
Formatted contents note Vol.-13. A project Report of the Curriculum study werner W. Boehm, Director and coordinator.
650 #0 - SUBJECT ADDED ENTRY--TOPICAL TERM
Topical term or geographic name as entry element Social welfare
General subdivision Study and teaching.
9 (RLIN) 18301
942 ## - ADDED ENTRY ELEMENTS (KOHA)
Source of classification or shelving scheme Dewey Decimal Classification
Koha item type Books
Holdings
Lost status Source of classification or shelving scheme Damaged status Not for loan Collection code Permanent Location Current Location Shelving location Date acquired Source of acquisition Cost, normal purchase price Total Checkouts Full call number Date last seen Copy number Koha item type
  Dewey Decimal Classification     Non-fiction Central Library, University of Rajshahi Central Library, University of Rajshahi   30/09/1965 Zeitlinger 30.00   361.07 PUT V-13 1962 07/01/2014 C-3 Books
  Dewey Decimal Classification     Non-fiction Central Library, University of Rajshahi Central Library, University of Rajshahi   24/03/1965 Miss Eva R. Younge. 0.00   361.07 PUT V-13 1959 09/01/2014 C-5 Books
  Dewey Decimal Classification     Non-fiction Central Library, University of Rajshahi Central Library, University of Rajshahi   24/03/1965 Miss Eva R. Younge. 30.00   361.07 PUT V-13 1962 21/08/2016 C-2 Books
  Dewey Decimal Classification     Non-fiction Central Library, University of Rajshahi Central Library, University of Rajshahi   24/03/1965 Miss Eva R. Younge. 30.00   361.07 PUT V-13 1962 21/08/2016 C-4 Books
  Dewey Decimal Classification     Non-fiction Central Library, University of Rajshahi Central Library, University of Rajshahi   30/04/1965 Zeitlinger 30.00   361.07 PUT V-13 1962 24/08/2016 C-6 Books